000 00503nam a2200193Ia 4500
003 GCL
008 140319s9999 xx 000 0 eng d
040 _aGCL /
_cGCL
082 0 4 _aCH
_b823.087
_bB C
100 1 _aBALLANTUNE, R M
245 1 0 _aTHE CORAL ISLAND: A TALE OF THE PACIFIC OCEAN /
_cBALLANTUNE, R M
260 _a[S.N] :
_bPETER HODDOCK PUBLISHING
300 _a157
650 0 4 _aLITERATURE
650 0 4 _aCHILDREN
650 0 4 _aTALES
650 0 4 _aCHILDREN - STORIES
942 _2ddc
_cBK
999 _c17914
_d17914